UBT Library

Future resources and world development / (Record no. 40360)

000 -LEADER
fixed length control field 00632cam a2200229 i 4500
001 - CONTROL NUMBER
control field 801675
005 - DATE AND TIME OF LATEST TRANSACTION
control field 20180116045054.0
008 - FIXED-LENGTH DATA ELEMENTS--GENERAL INFORMATION
fixed length control field 760106s1976 nyu b 001 0 eng
010 ## - LIBRARY OF CONGRESS CONTROL NUMBER
LC control number 75046615
020 ## - INTERNATIONAL STANDARD BOOK NUMBER
International Standard Book Number 0306309130
040 ## - CATALOGING SOURCE
Original cataloging agency DLC
Transcribing agency DLC
Modifying agency DLC
041 ## - LANGUAGE CODE
Language code of text/sound track or separate title eng
043 ## - GEOGRAPHIC AREA CODE
Geographic area code d------
080 ## - UNIVERSAL DECIMAL CLASSIFICATION NUMBER
Universal Decimal Classification number 333.7
082 00 - DEWEY DECIMAL CLASSIFICATION NUMBER
Classification number 333.7 ROG
100 ## - Rafti
Rafti 19
101 ## - Shkurtesa
Shkurtesa SHP
245 00 - TITLE STATEMENT
Title Future resources and world development /
Statement of responsibility, etc edited by Paul Rogers, in association with Anthony Vann.
504 ## - BIBLIOGRAPHY, ETC. NOTE
Bibliography, etc Includes bibliographical references and index.
906 ## - LOCAL DATA ELEMENT F, LDF (RLIN)
a 7
b cbc
c orignew
d 1
e ocip
f 19
g y-gencatlg
942 ## - ADDED ENTRY ELEMENTS (KOHA)
Source of classification or shelving scheme
Item type Books
Holdings
Withdrawn status Lost status Source of classification or shelving scheme Damaged status Not for loan Collection code Permanent location Current location Shelving location Date acquired Total Checkouts Full call number Barcode Date last seen Price effective from Koha item type
          Koleksioni i përgjithshem UBT - Lipjan UBT - Lipjan Koleksioni i përgjithshem 01/16/2018   333.7 ROG 002-2995572 01/16/2018 01/16/2018 Books
UBT Library © 2015-2024. All rights reserved University Education for Business and Technology